Kierowcy F1 2013 - Statystyki

Ogólne statystyki
  • Ten quiz został rozwiązany 85 razy
  • Średni wynik to 16 z 23
Statystyki odpowiedzi
Zespół Kierowca % Poprawnych
Lewis Hamilton
99%
Mark Webber
99%
Infiniti Red Bull Racing Sebastian Vettel
99%
Felipe Massa
96%
Scuderia Ferrari Fernando Alonso
96%
Mercedes AMG Petronas F1 Team Nico Rosberg
93%
Sergio Perez
93%
Lotus F1 Team Kimi Raikkonen
91%
Vodafone McLaren Mercedes Jenson Button
90%
Daniel Ricciardo
88%
Sauber F1 Team Nico Hulkenberg
79%
Romain Grosjean
79%
Valtteri Bottas
74%
Williams F1 Team Pastor Maldonado
59%
Marussia F1 Team Jules Bianchi
57%
Adrian Sutil
54%
Heikki Kovalainen
46%
Scuderia Toro Rosso Jean-Eric Vergne
46%
Sahara Force India F1 Team Paul di Resta
40%
Esteban Gutierrez
37%
Caterham F1 Team Charles Pic
35%
Max Chilton
34%
Giedo van der Garde
28%
Nie znaleziono quizów pasujących do podanych kryteriów
Rozkład punktacji
Procent ludzi z każdym wynikiem
Percentyl według liczby udzielonych odpowiedzi
Twoja historia wyników
Nie rozwiązałeś tego quizu